Catálogo público

Alojamientos e instalaciones / (Record no. 165896)

MARC details
000 -CABECERA
campo de control de longitud fija 00722nam a2200289Ia 4500
001 - NÚMERO DE CONTROL
campo de control Z_2825
003 - IDENTIFICADOR DEL NÚMERO DE CONTROL
campo de control CHAP
008 - DATOS DE LONGITUD FIJA--INFORMACIÓN GENERAL
campo de control de longitud fija 220113s1998 xx 000 0 und d
010 ## - NÚMERO DE CONTROL DE LA BIBLIOTECA DEL CONGRESO
Número de control de LC 165896
020 ## - NÚMERO INTERNACIONAL ESTÁNDAR DEL LIBRO
Número Internacional Estándar del Libro 84-7114-710-6
040 ## - FUENTE DE LA CATALOGACIÓN
Centro/agencia transcriptor CHAP
082 ## - NÚMERO DE LA CLASIFICACIÓN DECIMAL DEWEY
Número de clasificación 636.08 B83
100 ## - ENTRADA PRINCIPAL--NOMBRE DE PERSONA
Nombre de persona Buxadé Carbó, Carlos coord.
245 ## - MENCIÓN DE TÍTULO
Título Alojamientos e instalaciones /
Mención de responsabilidad, etc. Coord. por Carlos Buxadé Carbó
260 ## - PUBLICACIÓN, DISTRIBUCIÓN, ETC.
Lugar de publicación, distribución, etc. Madrid :
Nombre del editor, distribuidor, etc. Mundi-Prensa,
Fecha de publicación, distribución, etc. 1998
300 ## - DESCRIPCIÓN FÍSICA
Extensión 2 v.
503 ## - NOTA DE HISTORIA BIBLIOGRÁFICA (BK CF MU) [OBSOLETO]
Nota de historia bibliográfica 204352, 226179,226180
650 ## - PUNTO DE ACCESO ADICIONAL DE MATERIA--TÉRMINO DE MATERIA
Término de materia o nombre geográfico como elemento de entrada Ganadería
9 (RLIN) 44604
650 ## - PUNTO DE ACCESO ADICIONAL DE MATERIA--TÉRMINO DE MATERIA
Término de materia o nombre geográfico como elemento de entrada Ganado
Subdivisión general Alojamiento
9 (RLIN) 44890
650 ## - PUNTO DE ACCESO ADICIONAL DE MATERIA--TÉRMINO DE MATERIA
Término de materia o nombre geográfico como elemento de entrada Leche
Subdivisión general Producción
9 (RLIN) 65400
901 ## - ELEMENTOS DE DATOS A LOCAL LDA (RLIN)
a 636.08 B83
902 ## - ELEMENTOS DE DATOS B LOCAL, LDB (RLIN)
a M
910 ## - DATOS DE OPCIÓN DEL USUARIO (OCLC)
Datos de opción del usuario 1998
942 ## - ELEMENTOS DE PUNTO DE ACCESO ADICIONAL (KOHA)
Tipo de ítem Koha Libro_
942 ## - ELEMENTOS DE PUNTO DE ACCESO ADICIONAL (KOHA)
Tipo de ítem Koha
Holdings
Estado de retiro Estado de pérdida Fuente del sistema de clasificación o colocación Estado dañado No para préstamo Código de colección Localización permanente Ubicación/localización actual Ubicación en estantería Fecha de adquisición Enumeración/cronología de publicación seriada Código de barras Fecha visto por última vez Número de copia Precio válido a partir de Tipo de ítem Koha Total de préstamos Fecha del último préstamo
    Dewey Decimal Classification     General Zootecnia Zootecnia   09/11/2005 Volumen: 1 z_2541 18/01/2022 1 18/01/2022 Libro    
    Dewey Decimal Classification     General Zootecnia Zootecnia   09/11/2005 Volumen: 2 z_2542 18/01/2022 1 18/01/2022 Libro    
    Dewey Decimal Classification     General Zootecnia Zootecnia   16/01/2006 Volumen: 1 z_5172 18/01/2022 2 18/01/2022 Libro    
    Dewey Decimal Classification     General Zootecnia Zootecnia   16/01/2006 Volumen: 2 z_5173 15/10/2024 2 18/01/2022 Libro 3 15/10/2024
    Dewey Decimal Classification     General Zootecnia Zootecnia   16/01/2006 Volumen: 1 z_5174 15/10/2024 3 18/01/2022 Libro 3 15/10/2024
    Dewey Decimal Classification     General Zootecnia Zootecnia   16/01/2006 Volumen: 2 z_5175 18/01/2022 3 18/01/2022 Libro